[Event "Speed Chess Super Swiss"]
[Site "chess.com INT"]
[Date "2020.10.03"]
[Round "3"]
[White "Kosteniuk, Alexandra"]
[Black "Storme, Isak"]
[Result "0-1"]
[WhiteElo "2471"]
[BlackElo "2393"]
[PlyCount "140"]
[EventDate "2020.10.03"]
[EventType "swiss (blitz)"]
[EventRounds "15"]
[EventCountry "USA"]
[SourceTitle "EXT 2021"]
[Source "ChessBase"]
[SourceDate "2020.10.23"]
[SourceVersion "1"]
[SourceVersionDate "2020.10.23"]
[SourceQuality "1"]

1. e4 c5 2. c3 d5 3. exd5 Nf6 4. d4 cxd4 5. cxd4 Nxd5 6. Nf3 Nc6 7. Nc3 Bg4 8.
Be2 e6 9. h3 Bh5 10. O-O Be7 11. Ne4 O-O 12. Ng3 Bxf3 13. Bxf3 Bf6 14. Ne2 Rc8
15. a3 Nb6 16. Be3 Nc4 17. b4 Ne7 18. Bxb7 Rc7 19. Be4 Nf5 20. Bxf5 exf5 21.
Qd3 g6 22. Rac1 Nb6 23. Rc5 Rd7 24. Rfc1 Qe7 25. d5 Rfd8 26. Nf4 Be5 27. Qb5
Bxf4 28. Bxf4 Nxd5 29. Bh6 Qh4 30. Bd2 f4 31. Be1 f3 32. R5c4 Qh5 33. Re4 fxg2
34. Qe2 Qg5 35. Rc5 Qf6 36. Re8+ Kg7 37. Rxd8 Rxd8 38. Qc4 Qe6 39. Qc1 Qe4 40.
Bc3+ Kg8 41. Bd2 Nf6 42. Rc8 Rxc8 43. Qxc8+ Kg7 44. Qc3 Qb1+ 45. Kxg2 Qe4+ 46.
Kg1 Qf5 47. Be3 Kg8 48. Qd4 Ne8 49. Qd8 Kf8 50. Qd4 Nf6 51. Qc5+ Kg7 52. Bd4
Qg5+ 53. Qxg5 Kf8 54. Qxf6 Ke8 55. Bc5 Kd7 56. Qe7+ Kc6 57. Qd6+ Kb5 58. Qd3+
Ka4 59. Qc2+ Kb5 60. Qb3 Kc6 61. a4 Kc7 62. Qc4 Kd7 63. Qd5+ Kc7 64. Bxa7 Kc8
65. b5 f6 66. b6 f5 67. Qf7 Kd8 68. Qc7+ Ke8 69. a5 Kf8 70. a6 Kg8 0-1

[Event "Speed Chess Super Swiss"]
[Site "chess.com INT"]
[Date "2020.10.03"]
[Round "4"]
[White "Patrascu, Catalin Lucian"]
[Black "Kosteniuk, Alexandra"]
[Result "1-0"]
[WhiteElo "2320"]
[BlackElo "2471"]
[PlyCount "123"]
[EventDate "2020.10.03"]
[EventType "swiss (blitz)"]
[EventRounds "15"]
[EventCountry "USA"]
[SourceTitle "EXT 2021"]
[Source "ChessBase"]
[SourceDate "2020.10.23"]
[SourceVersion "1"]
[SourceVersionDate "2020.10.23"]
[SourceQuality "1"]

1. e4 c6 2. d4 d5 3. e5 c5 4. dxc5 e6 5. a3 Nc6 6. Nf3 Bxc5 7. b4 Bb6 8. Bb2
Nge7 9. Bd3 Ng6 10. O-O O-O 11. Re1 Nf4 12. Bf1 a5 13. b5 Ne7 14. g3 Nfg6 15.
h4 h6 16. h5 Nh8 17. Bd3 Bd7 18. a4 Rc8 19. Nbd2 Qe8 20. Nb3 f5 21. exf6 gxf6
22. Nbd4 e5 23. Nxe5 fxe5 24. Rxe5 Qf7 25. Qe2 Rce8 26. Re1 Qg7 27. Rxe7 Rxe7
28. Qxe7 Rf7 29. Qe3 Qf6 30. f4 Rf8 31. Qe5 Qxe5 32. fxe5 Re8 33. Kg2 Bxd4 34.
Bxd4 Nf7 35. Bg6 Be6 36. Bb6 Rc8 37. Bxa5 Ng5 38. Bd2 Ne4 39. Rxe4 dxe4 40.
Bxe4 Rc4 41. Kf3 Rxa4 42. Bxb7 Ra3+ 43. Ke2 Rxg3 44. Be4 Bg4+ 45. Kf2 Rh3 46.
b6 Rh2+ 47. Ke3 Rh3+ 48. Kd4 Bc8 49. b7 Bxb7 50. Bxb7 Rh2 51. Bd5+ Kg7 52. Be3
Rxc2 53. e6 Rh2 54. Ke5 Kf8 55. Kd6 Rb2 56. Bc5 Kg7 57. e7 Re2 58. Be6 Rd2+ 59.
Kc7 Kf6 60. e8=Q Rc2 61. Qf7+ Ke5 62. Qf5# 1-0

[Event "Speed Chess Super Swiss"]
[Site "chess.com INT"]
[Date "2020.10.03"]
[Round "5"]
[White "Manukian, Artak"]
[Black "Kosteniuk, Alexandra"]
[Result "0-1"]
[WhiteElo "2196"]
[BlackElo "2471"]
[PlyCount "42"]
[EventDate "2020.10.03"]
[EventType "swiss (blitz)"]
[EventRounds "15"]
[EventCountry "USA"]
[SourceTitle "EXT 2021"]
[Source "ChessBase"]
[SourceDate "2020.10.23"]
[SourceVersion "1"]
[SourceVersionDate "2020.10.23"]
[SourceQuality "1"]

1. e4 c6 2. d4 d5 3. e5 c5 4. dxc5 e6 5. a3 Nc6 6. Nf3 Bxc5 7. b4 Bb6 8. c4
Nge7 9. Bb2 Ng6 10. cxd5 exd5 11. h3 d4 12. Bb5 O-O 13. Bxc6 bxc6 14. O-O Nf4
15. Re1 d3 16. Nc3 Bxh3 17. gxh3 Nxh3+ 18. Kg2 Nxf2 19. Qd2 Qd7 20. Qf4 Qh3+
21. Kg1 Qh1# 0-1

[Event "Speed Chess Super Swiss"]
[Site "chess.com INT"]
[Date "2020.10.03"]
[Round "6"]
[White "Kosteniuk, Alexandra"]
[Black "Ozdemir, Serhan Berat"]
[Result "1-0"]
[WhiteElo "2471"]
[BlackElo "2191"]
[PlyCount "91"]
[EventDate "2020.10.03"]
[EventType "swiss (blitz)"]
[EventRounds "15"]
[EventCountry "USA"]
[SourceTitle "EXT 2021"]
[Source "ChessBase"]
[SourceDate "2020.10.23"]
[SourceVersion "1"]
[SourceVersionDate "2020.10.23"]
[SourceQuality "1"]

1. e4 c5 2. c3 e6 3. Nf3 Nf6 4. e5 Nd5 5. d4 cxd4 6. cxd4 d6 7. Bc4 Nc6 8. O-O
Be7 9. Qe2 O-O 10. Rd1 Nb6 11. Bb3 Bd7 12. Nc3 Nb4 13. a3 N4d5 14. Ne4 Bc6 15.
Bc2 a6 16. h4 Bb5 17. Qe1 Rc8 18. Bb1 Ba4 19. Rd3 Bb5 20. exd6 Bxd6 21. Nxd6
Qxd6 22. Ng5 Bxd3 23. Bxd3 g6 24. Ne4 Qe7 25. Bg5 f6 26. Bh6 Rfe8 27. h5 Nc4
28. hxg6 hxg6 29. Bc1 Nd6 30. Nc5 Nf5 31. Qe4 Kf7 32. Bd2 Rh8 33. Re1 Qd6 34.
g3 Rh5 35. Qxe6+ Qxe6 36. Nxe6 Rch8 37. Kg2 Rh2+ 38. Kf3 Nde7 39. Bc4 Nd6 40.
Ba2 Ke8 41. Nf4 Kd7 42. Nd5 Nxd5 43. Bxd5 b5 44. Be6+ Kc7 45. Bg4 Kb6 46. Rc1
1-0

[Event "Speed Chess Super Swiss"]
[Site "chess.com INT"]
[Date "2020.10.03"]
[Round "7"]
[White "Berend, Elvira S"]
[Black "Kosteniuk, Alexandra"]
[Result "0-1"]
[WhiteElo "2326"]
[BlackElo "2471"]
[PlyCount "96"]
[EventDate "2020.10.03"]
[EventType "swiss (blitz)"]
[EventRounds "15"]
[EventCountry "USA"]
[SourceTitle "EXT 2021"]
[Source "ChessBase"]
[SourceDate "2020.10.23"]
[SourceVersion "1"]
[SourceVersionDate "2020.10.23"]
[SourceQuality "1"]

1. d4 Nf6 2. c4 e6 3. g3 d5 4. Nf3 dxc4 5. Bg2 Nc6 6. Qa4 Bb4+ 7. Bd2 Bd6 8.
O-O O-O 9. Qxc4 e5 10. dxe5 Nxe5 11. Nxe5 Bxe5 12. Bc3 Bxc3 13. Nxc3 c6 14.
Rad1 Qb6 15. Rd2 Be6 16. Qd4 Rfd8 17. Qxb6 axb6 18. Rfd1 Rxd2 19. Rxd2 Kf8 20.
a3 Ke7 21. e4 Nd7 22. f4 f6 23. Bf1 Nc5 24. Kf2 Nb3 25. Rd1 Bg4 26. Be2 Bxe2
27. Kxe2 b5 28. Ke3 Na5 29. Kd3 Nc4 30. Rb1 Rd8+ 31. Kc2 Rd2+ 32. Kb3 Rxh2 33.
Ka2 Rg2 34. e5 fxe5 35. fxe5 Rxg3 36. Ne4 Rg2 37. Ka1 Nd2 38. Nxd2 Rxd2 39. Rh1
h6 40. Rg1 g5 41. Rh1 Ke6 42. Rxh6+ Kxe5 43. Rh7 g4 44. Rxb7 g3 45. Rg7 g2 46.
Ka2 Kf4 47. Kb3 Rd3+ 48. Kb4 Rg3 0-1

[Event "Speed Chess Super Swiss"]
[Site "chess.com INT"]
[Date "2020.10.03"]
[Round "8"]
[White "Valdes Escobar, Alvaro Daniel"]
[Black "Kosteniuk, Alexandra"]
[Result "0-1"]
[WhiteElo "2355"]
[BlackElo "2471"]
[PlyCount "38"]
[EventDate "2020.10.03"]
[EventType "swiss (blitz)"]
[EventRounds "15"]
[EventCountry "USA"]
[SourceTitle "EXT 2021"]
[Source "ChessBase"]
[SourceDate "2020.10.23"]
[SourceVersion "1"]
[SourceVersionDate "2020.10.23"]
[SourceQuality "1"]

1. c4 Nf6 2. Nc3 e5 3. Nf3 Nc6 4. e3 Bb4 5. Qc2 Bxc3 6. Qxc3 d6 7. a3 a5 8. b3
O-O 9. Bb2 Ne4 10. Qc2 f5 11. d3 Ng5 12. Be2 Qf6 13. O-O f4 14. d4 Bf5 15. Qc3
Nxf3+ 16. Bxf3 e4 17. Bd1 f3 18. gxf3 Bh3 19. f4 Qg6+ 0-1

[Event "Speed Chess Super Swiss"]
[Site "chess.com INT"]
[Date "2020.10.03"]
[Round "9"]
[White "Kosteniuk, Alexandra"]
[Black "Jones, Gawain C B"]
[Result "1/2-1/2"]
[WhiteElo "2471"]
[BlackElo "2670"]
[PlyCount "102"]
[EventDate "2020.10.03"]
[EventType "swiss (blitz)"]
[EventRounds "15"]
[EventCountry "USA"]
[SourceTitle "EXT 2021"]
[Source "ChessBase"]
[SourceDate "2020.10.23"]
[SourceVersion "1"]
[SourceVersionDate "2020.10.23"]
[SourceQuality "1"]

1. e4 c5 2. c3 d5 3. exd5 Qxd5 4. d4 Nc6 5. Nf3 Bf5 6. Be3 e6 7. Na3 cxd4 8.
Nb5 Rc8 9. Nbxd4 Bc5 10. Nxf5 Qxf5 11. Bd3 Qh5 12. Bxc5 Qxc5 13. O-O Nf6 14.
Qe2 O-O 15. Rad1 Rfd8 16. Bb1 a5 17. a4 g6 18. h3 Nd5 19. Qd2 Kg7 20. Qg5 Qe7
21. Qg4 Qf6 22. h4 Nf4 23. g3 Nd5 24. Qe4 Nb6 25. Kg2 Rxd1 26. Rxd1 Rd8 27.
Rxd8 Qxd8 28. Bc2 Qd5 29. Qxd5 exd5 30. b3 Kf6 31. Kf1 h6 32. Ke2 g5 33. hxg5+
hxg5 34. Ke3 Nd7 35. Nd4 Nd8 36. Nb5 Ne6 37. Nd6 b6 38. f4 gxf4+ 39. gxf4 Ke7
40. Nf5+ Kf6 41. Nd6 Ke7 42. Nb5 Nd8 43. Nd4 Kd6 44. b4 Nf6 45. Nb5+ Kd7 46.
Bf5+ Ke7 47. Nd4 Kd6 48. Nb5+ Kc6 49. Nd4+ Kd6 50. Kd3 Nh5 51. Ke3 Nf6 1/2-1/2

[Event "Speed Chess Super Swiss"]
[Site "chess.com INT"]
[Date "2020.10.03"]
[Round "10"]
[White "Ibarra Jerez, Jose Carlos"]
[Black "Kosteniuk, Alexandra"]
[Result "1-0"]
[WhiteElo "2561"]
[BlackElo "2471"]
[PlyCount "135"]
[EventDate "2020.10.03"]
[EventType "swiss (blitz)"]
[EventRounds "15"]
[EventCountry "USA"]
[SourceTitle "EXT 2021"]
[Source "ChessBase"]
[SourceDate "2020.10.23"]
[SourceVersion "1"]
[SourceVersionDate "2020.10.23"]
[SourceQuality "1"]

1. e4 c6 2. Nf3 d5 3. d3 dxe4 4. dxe4 Qxd1+ 5. Kxd1 Nf6 6. Nfd2 g5 7. f3 h5 8.
a4 Bh6 9. Nc4 Be6 10. Nc3 Na6 11. Be3 Nd7 12. Na5 Ne5 13. Nxb7 Nc4 14. Bxc4
Bxc4 15. b3 Be6 16. Ke2 Bg7 17. Bd2 Nb4 18. Rac1 Bd4 19. Na5 O-O-O 20. Nd1 c5
21. Bxb4 cxb4 22. Nc6 Rd6 23. Nxd4 Rxd4 24. Ne3 Kb7 25. Rhd1 Rxd1 26. Rxd1 Rc8
27. Rd4 a5 28. Kd2 Rc5 29. g3 Kc7 30. f4 gxf4 31. gxf4 f6 32. h4 Bf7 33. Nc4 e5
34. fxe5 fxe5 35. Rd3 Bxc4 36. bxc4 Rxc4 37. Re3 Kd6 38. Re1 Ke6 39. Kd3 Rc3+
40. Kd2 Ra3 41. Rg1 Rxa4 42. Rg6+ Kf7 43. Rg5 Kf6 44. Rf5+ Ke6 45. Rxh5 Ra1 46.
Rh6+ Kf7 47. Ra6 a4 48. h5 a3 49. h6 Rh1 50. Kd3 Rh3+ 51. Kc4 a2 52. Kxb4 Rxh6
53. Rxa2 Rh4 54. Kc5 Ke6 55. Ra6+ Kd7 56. Kd5 Rh2 57. Ra7+ Kc8 58. c4 Rc2 59.
Re7 Kb8 60. Rxe5 Rd2+ 61. Kc5 Ra2 62. Rd5 Kc7 63. Kd4 Ra4 64. e5 Ra1 65. Rd6
Rd1+ 66. Kc5 Rxd6 67. exd6+ Kd7 68. Kd5 1-0

[Event "Speed Chess Super Swiss"]
[Site "chess.com INT"]
[Date "2020.10.03"]
[Round "11"]
[White "Kosteniuk, Alexandra"]
[Black "Hansen, Carsten"]
[Result "1-0"]
[WhiteElo "2471"]
[BlackElo "2270"]
[PlyCount "81"]
[EventDate "2020.10.03"]
[EventType "swiss (blitz)"]
[EventRounds "15"]
[EventCountry "USA"]
[SourceTitle "EXT 2021"]
[Source "ChessBase"]
[SourceDate "2020.10.23"]
[SourceVersion "1"]
[SourceVersionDate "2020.10.23"]
[SourceQuality "1"]

1. e4 c5 2. c3 Nf6 3. e5 Nd5 4. d4 cxd4 5. Nf3 Nc6 6. cxd4 g6 7. Bc4 Nb6 8. Bb3
Bg7 9. h4 h5 10. Ng5 d5 11. exd6 e6 12. Ne4 O-O 13. Bg5 f6 14. Be3 Nd5 15. Nbc3
Nxe3 16. fxe3 f5 17. d5 fxe4 18. dxc6 bxc6 19. Qd2 Bd7 20. O-O-O Qf6 21. Nxe4
Qe5 22. Nc3 a5 23. Qd3 a4 24. Bc2 a3 25. Qxg6 axb2+ 26. Kb1 Rf6 27. Qh7+ Kf8
28. Qd3 Ra3 29. Bb3 Rf5 30. Ne2 Qa5 31. Rhf1 c5 32. Rxf5+ exf5 33. Qd5 Rxb3 34.
Qxb3 Ba4 35. Qb8+ Kf7 36. Qc7+ Qxc7 37. dxc7 Bxd1 38. Nf4 c4 39. c8=Q c3 40.
Qe6+ Kf8 41. Ng6# 1-0

[Event "Speed Chess Super Swiss"]
[Site "chess.com INT"]
[Date "2020.10.03"]
[Round "12"]
[White "Kosteniuk, Alexandra"]
[Black "Bortnyk, Olexandr"]
[Result "0-1"]
[WhiteElo "2471"]
[BlackElo "2598"]
[PlyCount "116"]
[EventDate "2020.10.03"]
[EventType "swiss (blitz)"]
[EventRounds "15"]
[EventCountry "USA"]
[SourceTitle "EXT 2021"]
[Source "ChessBase"]
[SourceDate "2020.10.23"]
[SourceVersion "1"]
[SourceVersionDate "2020.10.23"]
[SourceQuality "1"]

1. e4 Nf6 2. e5 Nd5 3. d4 d6 4. Nf3 dxe5 5. Nxe5 g6 6. Bc4 Be6 7. Bb3 c6 8. h4
Bg7 9. h5 Nd7 10. Nf3 Bg4 11. h6 Bf6 12. c4 Nc7 13. Nc3 Ne6 14. Be3 Qa5 15. Qd2
Bxf3 16. gxf3 Rd8 17. O-O-O Ndc5 18. Ne2 Nxb3+ 19. axb3 Qf5 20. f4 Nc5 21. Qc2
Qxc2+ 22. Kxc2 Ne6 23. Rd3 O-O 24. Rhd1 a6 25. d5 cxd5 26. Rxd5 Rxd5 27. Rxd5
Rd8 28. Rxd8+ Nxd8 29. Ng3 Ne6 30. f5 gxf5 31. Nxf5 Kf8 32. b4 Ke8 33. b3 Kd7
34. Kd3 Nd8 35. Ke4 e6 36. Ng7 Be7 37. c5 Nc6 38. Bd2 f5+ 39. Kd3 Bf6 40. Nh5
Be5 41. Ng7 Ke7 42. Bg5+ Kf7 43. Nh5 Nxb4+ 44. Kc4 Nc6 45. Nf4 Bxf4 46. Bxf4 e5
47. Bd2 Ke6 48. f3 f4 49. b4 Nd4 50. Bc3 Nxf3 51. b5 axb5+ 52. Kxb5 Kd5 53. Kb6
e4 54. Bb4 e3 55. Kxb7 Nd4 56. Kb6 f3 57. Bc3 Nc6 58. Bd4 Nxd4 0-1

[Event "Speed Chess Super Swiss"]
[Site "chess.com INT"]
[Date "2020.10.03"]
[Round "13"]
[White "Maiti, Milind"]
[Black "Kosteniuk, Alexandra"]
[Result "1-0"]
[WhiteElo "2068"]
[BlackElo "2471"]
[PlyCount "75"]
[EventDate "2020.10.03"]
[EventType "swiss (blitz)"]
[EventRounds "15"]
[EventCountry "USA"]
[SourceTitle "EXT 2021"]
[Source "ChessBase"]
[SourceDate "2020.10.23"]
[SourceVersion "1"]
[SourceVersionDate "2020.10.23"]
[SourceQuality "1"]

1. d4 Nf6 2. c4 e6 3. Nc3 Bb4 4. Qc2 d6 5. a3 Bxc3+ 6. Qxc3 O-O 7. Bg5 Re8 8.
e3 Nbd7 9. Bd3 b6 10. Ne2 Bb7 11. O-O e5 12. Rac1 c5 13. Rfd1 Qc7 14. d5 b5 15.
b3 a5 16. cxb5 Nxd5 17. Qc2 h6 18. Bh4 N7f6 19. e4 Ne7 20. Bxf6 gxf6 21. Ng3
Kh8 22. Bc4 Ng6 23. Qd2 Nf4 24. Qxd6 Qxd6 25. Rxd6 Ne6 26. Rd7 Nd8 27. Bxf7 Rf8
28. Bc4 Bc8 29. Rd6 Kg7 30. Rcd1 Nf7 31. Rc6 Bb7 32. Rc7 Rad8 33. Rxd8 Rxd8 34.
Rxb7 Rd1+ 35. Nf1 Kg6 36. Rxf7 Ra1 37. Rc7 Rxa3 38. b6 1-0

[Event "Speed Chess Super Swiss"]
[Site "chess.com INT"]
[Date "2020.10.03"]
[Round "14"]
[White "Kosteniuk, Alexandra"]
[Black "Perez Gormaz, Matias Ariel"]
[Result "1-0"]
[WhiteElo "2471"]
[BlackElo "2413"]
[PlyCount "101"]
[EventDate "2020.10.03"]
[EventType "swiss (blitz)"]
[EventRounds "15"]
[EventCountry "USA"]
[SourceTitle "EXT 2021"]
[Source "ChessBase"]
[SourceDate "2020.10.23"]
[SourceVersion "1"]
[SourceVersionDate "2020.10.23"]
[SourceQuality "1"]

1. e4 c5 2. c3 Nf6 3. e5 Nd5 4. d4 cxd4 5. Nf3 Nc6 6. cxd4 d6 7. Bc4 Nb6 8. Bb5
dxe5 9. Nxe5 Bd7 10. Nxd7 Qxd7 11. O-O Rd8 12. Qf3 g6 13. Nc3 Bg7 14. Rd1 O-O
15. Be3 a6 16. Bxc6 bxc6 17. Qe2 Qb7 18. Ne4 a5 19. Nc5 Qa8 20. Rac1 Nd5 21.
Bg5 Rfe8 22. h4 h6 23. Be3 h5 24. Bg5 Rb8 25. b3 Qa7 26. Rc4 e5 27. dxe5 Bxe5
28. Qf3 Rb4 29. Ne4 Qa6 30. Rdc1 Re6 31. g3 Rxc4 32. Rxc4 Qb5 33. Nc5 Re8 34.
Ne4 Re6 35. Bd2 Bg7 36. Kg2 Ne7 37. Rc5 Qb6 38. Bxa5 Qa7 39. b4 Nf5 40. Ng5 Rf6
41. Qe4 Qd7 42. Re5 Bf8 43. Qe2 Nd4 44. Qe3 Nf5 45. Qe4 Nd6 46. Qe2 Nf5 47. Ne4
Re6 48. Nc5 Bxc5 49. bxc5 Rxe5 50. Qxe5 Nd4 51. Bc3 1-0

[Event "Speed Chess Super Swiss"]
[Site "chess.com INT"]
[Date "2020.10.03"]
[Round "15"]
[White "Stoyanov, Tsvetan"]
[Black "Kosteniuk, Alexandra"]
[Result "1-0"]
[WhiteElo "2387"]
[BlackElo "2471"]
[PlyCount "87"]
[EventDate "2020.10.03"]
[EventType "swiss (blitz)"]
[EventRounds "15"]
[EventCountry "USA"]
[SourceTitle "EXT 2021"]
[Source "ChessBase"]
[SourceDate "2020.10.23"]
[SourceVersion "1"]
[SourceVersionDate "2020.10.23"]
[SourceQuality "1"]

1. e4 c6 2. c4 d5 3. exd5 cxd5 4. cxd5 Nf6 5. Bb5+ Nbd7 6. Nf3 g6 7. O-O Bg7 8.
d6 e6 9. d4 O-O 10. Nc3 Nb6 11. Bf4 a6 12. Bd3 Ne8 13. Ne4 Nd5 14. Be5 f6 15.
Bg3 f5 16. Nc5 b6 17. Nb3 g5 18. Be5 Nxd6 19. Bxg7 Kxg7 20. Ne5 Bb7 21. Re1 Nf4
22. Bf1 a5 23. g3 Nd5 24. Bg2 a4 25. Nd2 b5 26. Rc1 Rc8 27. Qh5 Rxc1 28. Rxc1
Nf7 29. Nxf7 Rxf7 30. Nf3 Rc7 31. Rxc7+ Qxc7 32. Qxg5+ Kf8 33. h4 Qe7 34. Qh6+
Kg8 35. Ne5 Bc8 36. Bxd5 exd5 37. Qc6 Be6 38. Qxb5 f4 39. Qxa4 fxg3 40. fxg3
Kg7 41. Qc2 Qa7 42. Qd2 Qxa2 43. Qg5+ Kf8 44. Qf6+ 1-0